• 首页
  • 本馆介绍
  • 公告通知
  • 最新文献
  • 馆藏检索
  • 电子资源
  • 读者导购
  • 参考咨询
  • 我的图书馆
  • 登录
  • 详细信息显示
  • 放入我的书架
  • 预约/预借图书
  • 作者相关作品
  • 分类相关作品
  • 丛书相关作品
  • 出版社相关作品

书目信息

  • 表格格式
  • 工作单格式
  • 卡片格式
题名:
大学化学实验
    
 
作者: 吕丹 , 厉安昕 , 吴晓艺 主编
分册: Ⅲ   有机化学实验
出版信息: 北京   化学工业出版社  2021.5
页数: 150页
开本: 26cm
丛书名:
单 册:
中图分类: O6 , O62
科图分类:
主题词: 化学实验--高等学校--教材 , 有机化学--化学实验--高等学校--教材
电子资源:
ISBN: 978-7-122-38527-7
000 01220nam0 2200289 45
001 012001000346
005 20211012143932.58
010    @a978-7-122-38527-7@dCNY29.80
100    @a20210531d2021 em y0chiy50 ea
101 0  @achi
102    @aCN@b110000
105    @aa z 000yy
106    @ar
200 1  @a大学化学实验@Ada xue hua xue shi yan@hⅢ@i有机化学实验@b专著@f吕丹,厉安昕,吴晓艺主编
210    @a北京@c化学工业出版社@d2021.5
215    @a150页@c图@d26cm
300    @a高等学校“十三五”规划教材
330    @a本书共分为5章,主要内容包括:有机化学实验基础知识、有机化学实验基本操作和技术、基础有机化学实验、综合性有机化学实验、有机化合物的鉴定。其中有机化学实验基本操作和技术介绍有机化学实验中常用的一些重要操作原理和技术;基础有机化学实验部分是对有机化学理论课学习的重要补充,可作为理解理论课内容的重要手段;综合性有机化学实验包括天然有机化合物的提取和分离实验、研究性实验和设计性实验。
606 0  @a化学实验@x高等学校@j教材
606 0  @a有机化学@x化学实验@x高等学校@j教材
690    @aO6@v5
690    @aO62@v5
701  0 @a吕丹@Alv dan@4主编
701  0 @a厉安昕@Ali an xin@4主编
701  0 @a吴晓艺@Awu xiao yi@4主编
801  0 @aCN@bBJSDL@c20211011
905    @b1331284-7@dO6@e1240:3@f4
    
    大学化学实验.Ⅲ.有机化学实验/吕丹,厉安昕,吴晓艺主编.-北京:化学工业出版社,2021.5
    150页:图;26cm
    高等学校“十三五”规划教材
    
    ISBN 978-7-122-38527-7:CNY29.80
    本书共分为5章,主要内容包括:有机化学实验基础知识、有机化学实验基本操作和技术、基础有机化学实验、综合性有机化学实验、有机化合物的鉴定。其中有机化学实验基本操作和技术介绍有机化学实验中常用的一些重要操作原理和技术;基础有机化学实验部分是对有机化学理论课学习的重要补充,可作为理解理论课内容的重要手段;综合性有机化学实验包括天然有机化合物的提取和分离实验、研究性实验和设计性实验。
●
相关链接 在E读中查询图书 在五车中查询图书 在当当中查询图书 在豆瓣中查询图书


正题名:大学化学实验     索取号:O6/1240:3         预约/预借

序号 登录号 条形码 馆藏地/架位号 状态 备注
1 1331284   213312841   第二样本阅览室/ [索取号:O6/1240:3] 在馆    
2 1331285   213312850   第三借阅区/ [索取号:O6/1240:3] 在馆    
3 1331286   213312869   第三借阅区/ [索取号:O6/1240:3] 在馆    
4 1331287   213312878   第三借阅区/ [索取号:O6/1240:3] 在馆    
唐山师范学院图书馆 欢迎您!
大连网信软件有限公司© 版权所有